00610 2200229 4500001002100000005001700021008004100038035002600079245000900105100000900114260004700123300004700170020001800217082000600235084000600241520002700247650003400274990001800308990001800326990001800344990001800362INLIS00000000000199720191229224833.0191229| ||| | ind  a 0010-12190000000199700cAndi0 aAndi aAndi : YogyakartabAndi : Yogyakartac2001 a248 hlm.;16 x 23 cm ;c248 hlm.;16 x 23 cm a979-731-606-80 a0 a4 aAPBD 2014 Rp. 40.400,- 0aSistem Informasi Geografi 004 aB201506303537 aB201506303534 aB201506303535 aB201506303536